003700000a22001210004500090001700000245005900017041001300076700003000089100002500119942001300144773007400157999001700231 aASbSeriadas10aPrimate fauna at the study site, La Macarena, Colombia0 aInglés1 aNishimura, Akisato9969181 aIzawa, Kosei9100240 cARTICULO1 tField Studies of Fauna and Flora La Macarena, Colombiaq5-11d1988g1 c16037d16037